000 00747nam a22002177a 4500
005 20180502121122.0
010 _a1718EN-30 B-688463-472
020 _a9789384007782
_c595.00
035 _aB-688463-472
037 _bScientific
_adpl
037 _bDBAD/PUB
082 _a005.72
100 _aCallihan
245 _aHTML essentials /
_cby Callihan
250 _a2nd ed
260 _aNew Delhi
_bMEDTECH
_c2016
270 _a4850/24, Ansari Road, Daryaganj,
_bNew Delhi
_e110002
300 _axii,468p.
_c28cm(pbk)
942 _2ddc
_cEN
_mCAL
_h005.72
999 _c145294
_d145294